Normal view
MARC view
- COMPOSITE MATERIALS.FATIGUE AND FRACTURE
Entry Topical Term
001 - CONTROL NUMBER
- control field: 66609
003 - CONTROL NUMBER IDENTIFIER
- control field: NUST
005 - DATE AND TIME OF LATEST TRANSACTION
- control field: 20210628203625.0
008 - FIXED-LENGTH DATA ELEMENTS
- fixed length control field: 210628|| aca||aabn | a|a d
040 ## - CATALOGING SOURCE
- Original cataloging agency: NUST
- Transcribing agency: NUST
150 ## - HEADING--TOPICAL TERM
- Topical term or geographic name entry element: COMPOSITE MATERIALS.FATIGUE AND FRACTURE
670 ## - SOURCE DATA FOUND
- Source citation: Work cat.: (NUST): Ashbaugh, Noel E, Stinchcomb, Wayne W 66608, Composite materials: fatigue and fracture, fatigue and fracture, 1993
